<?xml version="1.0" encoding="UTF-8"?>
<record
    xmlns:xsi="http://www.w3.org/2001/XMLSchema-instance"
    xsi:schemaLocation="http://www.loc.gov/MARC21/slim http://www.loc.gov/standards/marcxml/schema/MARC21slim.xsd"
    xmlns="http://www.loc.gov/MARC21/slim">

  <leader>00864namaa22001691  4500</leader>
  <controlfield tag="001">174061</controlfield>
  <controlfield tag="003">ES-MaACL</controlfield>
  <controlfield tag="005">20230906215427.0</controlfield>
  <controlfield tag="008">100210s1910    sp           |||| | spa d</controlfield>
  <datafield tag="100" ind1="1" ind2=" ">
    <subfield code="a">Fern&#xE1;ndez-Shaw, Carlos,</subfield>
    <subfield code="d">1865-1911</subfield>
    <subfield code="9">50098</subfield>
  </datafield>
  <datafield tag="245" ind1="1" ind2="3">
    <subfield code="a">La tragedia del beso </subfield>
    <subfield code="b">: poema dram&#xE1;tico en tres cantos : inspirado en la Comedia de Dante Alighieri (parte primera, el Infierno, canto V) /</subfield>
    <subfield code="c">Carlos Fern&#xE1;ndez Shaw.</subfield>
  </datafield>
  <datafield tag="260" ind1=" " ind2=" ">
    <subfield code="a">Madrid : </subfield>
    <subfield code="b">Sociedad de Autores Espa&#xF1;oles, </subfield>
    <subfield code="c">1910 (</subfield>
    <subfield code="f">R. Velasco)</subfield>
  </datafield>
  <datafield tag="300" ind1=" " ind2=" ">
    <subfield code="a">38 p., 2 h. ; </subfield>
    <subfield code="c">19 cm.</subfield>
  </datafield>
  <datafield tag="500" ind1=" " ind2=" ">
    <subfield code="a">En port.: Teatro de la Princesa - 14 de marzo de 1910.</subfield>
  </datafield>
  <datafield tag="852" ind1=" " ind2=" ">
    <subfield code="a">ES-MaACL</subfield>
    <subfield code="j">F-8649(6) </subfield>
    <subfield code="z">.- Enc. hol. conservando la cub. original </subfield>
    <subfield code="z">.- Enc. en un vol. facticio formando parte de la col. facticia "Teatro espa&#xF1;ol moderno" v. 108 </subfield>
    <subfield code="z">.- Dedicatoria aut&#xF3;grafa del autor</subfield>
  </datafield>
  <datafield tag="999" ind1=" " ind2=" ">
    <subfield code="c">174061</subfield>
    <subfield code="d">174061</subfield>
  </datafield>
  <datafield tag="952" ind1=" " ind2=" ">
    <subfield code="0">0</subfield>
    <subfield code="1">0</subfield>
    <subfield code="4">0</subfield>
    <subfield code="7">0</subfield>
    <subfield code="a">ATENEOM</subfield>
    <subfield code="b">ATENEOM</subfield>
    <subfield code="c">SPP2</subfield>
    <subfield code="d">2010-02-10</subfield>
    <subfield code="e">SC</subfield>
    <subfield code="l">0</subfield>
    <subfield code="o">F-8649(6)</subfield>
    <subfield code="p">1182710</subfield>
    <subfield code="r">2023-02-23 00:00:00</subfield>
    <subfield code="w">2023-02-23</subfield>
    <subfield code="y">MONOGRAFIA</subfield>
  </datafield>
</record>
